| 000 | 01263nam a2200373 b 4500 | ||
|---|---|---|---|
| 001 | 00309090 | ||
| 003 | DO-SdBNP | ||
| 005 | 20230518130602.0 | ||
| 007 | 00309090 | ||
| 008 | 930119s1985 sp | |||| ||spa d | ||
| 016 | 7 |
_a _z _2BPMSU |
|
| 017 |
_a _b |
||
| 020 | _a843457697X | ||
| 035 | _a | ||
| 040 |
_aBPMSU _bspa _cBPMSU |
||
| 080 | _a | ||
| 082 | 4 |
_a863.3 _bC419l 1985 _222 |
|
| 100 | 1 |
_aCervantes Saavedra, Miguel de, _d1547-1616 _935 |
|
| 240 | 1 | 0 | _k |
| 245 | 1 | 3 |
_aEl licenciado Vidriera y otras novelas ejemplares / _cCervantes ; edición y notas de Inmaculada Ferrer ; prólogo de luis Rosales _h |
| 246 | 1 | 0 | _aNovelas ejemplares |
| 260 |
_a[Barcelona] ; _bSalvat Editores, _c1985. |
||
| 300 |
_a189 p. ; _c20 cm. |
||
| 490 | 0 | _aNovelas ejemplares | |
| 500 | _3Incluye referencias bibliográfica y notas al pie de las páginas | ||
| 504 | 0 | _aEl licenciado Vidriera -- La gitanilla -- La ilustre fregona -- El casamiento engañoso -- Novela y coloquio que pasó entre Cipión y Berganza. | |
| 590 | _aInventariado, 2023/VM | ||
| 650 | 4 | _aNovela española | |
| 700 | 1 | _aFerrer, Inmaculada | |
| 700 | 1 |
_aRosales, Luis, _d1910-1992. |
|
| 901 | _a | ||
| 910 | _aVMateo V. Control de calidad (BPMSU) | ||
| 942 |
_2ddc _cBK |
||
| 999 |
_c9229 _d9229 |
||